00658nam a22001817a 450000500170000001000150001702000260003203500140005803700090007208200130008110000260009424500780012025000060019826000540020427001250025830000200038350000730040320241129150804.0 aENG-142732 a9789393766342c490.00 aEN-126264 bDBAD a346.0823 aPamecha, Vijay Kumar  aFORMATION, REGISTRATION & MANAGEMENT OF N.B.F.C./bBy Vijay Kumar Pamecha a1 aMadhya Pradesh bXcess Infostore Pvt. Ltd.c2023 a213, Silver Mall , Block B,8/A,R.N.T. Marg, IndorebMadhya Pradeshe452001k9826012052k94794724245minfo@xcessbooks.com a146p.c21cm(pb) aNon-Banking Financial Companies As per RBI Regulations & Directions